[Event "Texas-ch rap"]
[Site "USA"]
[Date "1997.??.??"]
[Round "?"]
[White "Unalmis, Omer Haldun"]
[Black "Gelman, Michael"]
[Result "0-1"]
[WhiteElo "2375"]
[BlackElo "2095"]
[PlyCount "44"]
[EventDate "1997.??.??"]
[EventType "tourn (rapid)"]
[EventRounds "6"]
[EventCountry "USA"]
[SourceTitle "EXT 2001"]
[Source "ChessBase"]
[SourceDate "2000.11.22"]
[SourceVersion "1"]
[SourceVersionDate "2000.11.22"]
[SourceQuality "1"]

1. e4 e6 2. d4 d5 3. e5 c5 4. c3 Nc6 5. Nf3 Qb6 6. a3 c4 7. Qc2 Bd7 8. Be3 Nge7 9. Nbd2 Na5 10. g3 Nf5 11. Bh3 Nxe3 12. fxe3 Be7 13. 0-0 f5 14. exf6 Bxf6 15. e4 0-0-0 16. Kh1 Kb8 17. Rae1 Be8 18. Rf2 Bg6 19. Qc1 e5 20. exd5 exd4 21. Re6 Qc5 22. Rxf6 dxc3 0-1

[Event "Texas-ch"]
[Site "San Antonio"]
[Date "1997.??.??"]
[Round "6"]
[White "Unalmis, Omer Haldun"]
[Black "Shivaji, Shivkuma"]
[Result "1-0"]
[WhiteElo "2378"]
[BlackElo "2049"]
[PlyCount "63"]
[EventDate "1997.??.??"]
[EventType "swiss"]
[EventRounds "6"]
[EventCountry "USA"]
[SourceTitle "EXT 1999"]
[Source "ChessBase"]
[SourceDate "1998.11.16"]
[SourceVersion "1"]
[SourceVersionDate "1998.11.16"]
[SourceQuality "1"]

1. e4 e5 2. Nf3 Nc6 3. Bb5 f5 4. d3 fxe4 5. dxe4 Nf6 6. 0-0 Bc5 7. Nc3 d6 8. Bg5 0-0 9. Nd5 Be6 10. Bc4 Bxd5 11. Bxd5+ Kh8 12. Bxc6 bxc6 13. Qd3 Qe8 14. Be3 Bb6 15. c4 Bxe3 16. Qxe3 c5 17. Nd2 Nd7 18. g3 Nb8 19. f4 exf4 20. gxf4 Nc6 21. Rf2 Rb8 22. b3 Nd4 23. Raf1 a5 24. Rg2 a4 25. Kh1 Rf7 26. Rfg1 Ne6 27. Rg4 Qe7 28. Nf3 axb3 29. axb3 Nd4 30. Nd2 Ra8 31. Qh3 Ra2 32. Rxg7 1-0